Score 0/20 Timer 03:00
2 Plays Today
Question Answer Wrong Answers
Adventures of Huckleberry Finn Mark Twain
95.3%
Mark Sullivan
1.4%
Animal Farm George Orwell
94.4%
George Eliot
2.4%
Anna Karenina Leo Tolstoy
93.4%
Leo Buscaglia
3.2%
The Green Mile Stephen King
93.1%
Stephen Hawking
3.9%
Intruder in the Dust William Faulkner
92.6%
William Shakespeare
4.1%
Frankenstein Mary Shelley
91.3%
Mary Karr
5.5%
Ulysses James Joyce
91%
James Patterson
5.8%
Wuthering Heights Emily Brontë
88.2%
Emily Dickinson
8.6%
My Life as an Explorer Roald Amundsen
84.5%
Roald Dahl
12.1%
The Color Purple Alice Walker
81.4%
Alice Munro
15.3%
To the Lighthouse Virginia Woolf
80.6%
Virginia Lanier
16.1%
Summa Theologica Thomas Aquinas
80.5%
Thomas Mann
16.2%
An Abundance of Katherines John Green
78.9%
John Steinbeck
17.8%
Creative Mind Ernest Holmes
76.4%
Ernest Hemingway
20.3%
The Ugly Sister Jane Fallon
75.1%
Jane Austen
21.6%
The Girl on the Train Paula Hawkins
69.4%
Paula McLain
27.2%
The Poisonwood Bible Barbara Kingsolver
62.8%
Barbara Ehrenreich
33.7%
The Flamethrowers Rachel Kushner
58.6%
Rachel Carson
38%
The Secret History Donna Tartt
56.9%
Donna Leon
39.6%
A Message from the Sea Charles Dickens
37.5%
Charles Darwin
59.2%
Remove Ads.
Support Sporcle.
Get the best of Sporcle when you Go Orange. This ad-free experience offers more features, more stats, and more fun while also helping to support Sporcle. Thank you for becoming a member.

You're not logged in!

Compare scores with friends on all Sporcle quizzes.
OR
Log In

Show Comments

Extras

Top Quizzes Today


Score Distribution

Your Account Isn't Verified!

In order to create a playlist on Sporcle, you need to verify the email address you used during registration. Go to your Sporcle Settings to finish the process.

Report this User

Report this user for behavior that violates our Community Guidelines.

Details: